| 000 | nam a22 a 4500 | ||
|---|---|---|---|
| 999 |
_c4645 _d4645 |
||
| 003 | AKMAL | ||
| 005 | 20170726123019.0 | ||
| 008 | 170726t20152015my a g 000 0 may d | ||
| 020 |
_a9789674114077 _qpaperback _cRM33.00 |
||
| 040 | _aBNM | ||
| 082 | 0 | 4 |
_a158 ZIG _223 |
| 090 | 0 | 0 |
_a158 _bZIG |
| 100 | 1 |
_aZiglar, Zig, _eauthor. _91448 |
|
| 245 | 1 | 0 |
_aSEE YOU AT THE TOP / _cZIG ZIGLAR ; Penterjemah: Nor Junainah Masjuni ; Suntingan: Amiratul Awatif |
| 250 | _aEDISI BAHASA MELAYU | ||
| 250 | _aEdisi Ulang Tahun ke - 25 | ||
| 264 | 1 |
_aBatu Caves, Selangor : _bPTS PUBLISHING HOUSE SENDIRIAN BERHAD, _c2015 |
|
| 264 | 4 | _c©2015 | |
| 300 |
_avi, 521 pages : _billustrations ; _c23 cm |
||
| 650 | 1 | 0 |
_aSuccess _92 |
| 650 | 2 | 0 |
_aSelf-culture _91052 |
| 700 | 0 |
_aNor Junainah Masjuni, _etranslator. _98937 |
|
| 700 | 0 |
_aAmiratul Awatif, _eeditor. _98938 |
|
| 765 | 0 |
_iTranslation of: _aZiglar, Zig. _tSee you at the top = formerly entitled Biscuits, fleas and pump handles. _dGretna, La. : Pelican Pub., 1987, c1977. _h382p. : ill. ; 22cm. _z088289126X |
|
| 776 | 0 |
_iReproduced as (manifestation): _aZiglar, Zig, 1926- _tSee You At The Top- _dBatu Caves, Selangor : PTS Publishing House, 2015. _z9789674115357 eISBN |
|
| 942 |
_2ddc _cBOOK |
||
| 950 | _lAKMAL | ||